[Event "FRA-ch Open A-D 2018"]
[Site "Nimes"]
[Date "2018.08.18"]
[Round "1"]
[White "Christophe Hayot, Romain"]
[Black "Courreur, Alexandre"]
[Result "1-0"]
[WhiteElo "1797"]
[BlackElo "1639"]
[Annotator "NA RC"]
[PlyCount "113"]
[EventDate "2018.08.18"]
[EventType "tourn"]
[EventCountry "FRA"]
[SourceTitle "playchess.com"]
[Source "ChessBase"]
[SourceQuality "1"]
[TimeControl "40/5400+30:1800+30"]

1. e4 {[%emt 0:00:00]} c5 {[%emt 0:00:00]} 2. Nc3 {[%emt 0:00:25]} Nc6 {[%emt 0:00:30]} 3. f4 {[%emt 0:02:40]} e6 {[%emt 0:01:44]} 4. Nf3 {[%emt 0:04:04]} g6 {[%emt 0:04:01]} 5. Be2 {[%emt 0:05:53]} Bg7 {[%emt 0:00:58]} 6. O-O {[%emt 0:00:20]} Nge7 {[%emt 0:01:27]} 7. Kh1 {[%emt 0:00:33]} O-O {[%emt 0:00:51]} 8. d3 {[%emt 0:03:00]} d5 {[%emt 0:03:17]} 9. e5 {[%emt 0:01:55]} Nf5 {[%emt 0:06:23]} 10. Qe1 {[%emt 0:00:26]} a6 {[%emt 0:01:48]} 11. Bd2 {[%emt 0:06:52]} b5 {[%emt 0:01:46]} 12. Qf2 {[%emt 0:00:45]} Qe7 {[%emt 0:04:10]} 13. Bd1 {[%emt 0:03:25]} Bb7 {[%emt 0:00:36]} 14. Ne2 {[%emt 0:00:57]} b4 {[%emt 0:06:58]} 15. Ng3 {[%emt 0:02:25]} Nh6 {[%emt 0:03:32]} 16. h3 {[%emt 0:00:31]} a5 {[%emt 0:01:33]} 17. c3 {[%emt 0:01:01]} a4 {[%emt 0:01:58]} 18. cxb4 {[%emt 0:01:03]} Nxb4 {[%emt 0:02:40]} 19. Bxb4 {[%emt 0:02:54]} cxb4 {[%emt 0:00:14]} 20. Rc1 {[%emt 0:00:34]} Rfc8 {[%emt 0:02:26]} 21. Be2 {[%emt 0:01:47]} Rxc1 {[%emt 0:03:50]} 22. Rxc1 {[%emt 0:00:09]} Rc8 {[%emt 0:01:10]} 23. Rxc8+ {[%emt 0:00:47]} Bxc8 {[%emt 0:00:07]} 24. Qb6 {[%emt 0:00:15]} f6 {[%emt 0:05:46]} 25. d4 {[%emt 0:00:14]} Nf7 {[%emt 0:08:53]} 26. Bb5 {[%emt 0:05:33]} a3 {[%emt 0:01:19]} 27. b3 {[%emt 0:03:12]} Qb7 {[%emt 0:05:33]} 28. Qa5 {[%emt 0:02:03]} fxe5 {[%emt 0:04:36]} 29. fxe5 {[%emt 0:02:21]} Bf8 {[%emt 0:02:03]} 30. Be8 {[%emt 0:00:40]} Be7 {[%emt 0:02:35]} 31. h4 {[%emt 0:02:31]} Nd8 {[%emt 0:04:06]} 32. Qb5 {[%emt 0:00:36]} Qxb5 {[%emt 0:01:23]} 33. Bxb5 {[%emt 0:00:09]} Kg7 {[%emt 0:01:49]} 34. Nf1 {[%emt 0:00:54]} Bb7 {[%emt 0:03:10]} 35. Kg1 {[%emt 0:01:13]} Nc6 {[%emt 0:01:34]} 36. N1d2 {[%emt 0:04:42]} h6 {[%emt 0:03:19]} 37. Kf2 {[%emt 0:02:37]} Kf7 {[%emt 0:02:52]} 38. g4 {[%emt 0:06:21]} Bd8 {[%emt 0:01:46]} 39. Ke3 {[%emt 0:00:50]} Bb6 {[%emt 0:00:43]} 40. Bd3 {[%emt 0:05:54]} Ne7 {[%emt 0:02:21]} 41. Nf1 {[%emt 0:31:54]} Nc6 {[%emt 0:30:56]} 42. Ng3 {[%emt 0:01:30]} Na5 {[%emt 0:00:53]} 43. Nd2 {[%emt 0:01:12]} Nc6 {[%emt 0:00:15]} 44. Nf3 {[%emt 0:00:58]} Na5 {[%emt 0:00:08]} 45. Bb1 {[%emt 0:01:59]} Ba6 {[%emt 0:01:50]} 46. Ne2 {[%emt 0:04:42]} Nc6 {[%emt 0:00:50]} 47. Nf4 {[%emt 0:00:10]} Bf1 {[%emt 0:00:00]} 48. Bxg6+ {[%emt 0:00:00]} Ke7 {[%emt 0:00:00]} 49. g5 {[%emt 0:00:00]} hxg5 {[%emt 0:00:00]} 50. hxg5 {[%emt 0:00:00]} Na5 {[%emt 0:00:00]} 51. Bb1 {[%emt 0:00:00]} Nc6 {[%emt 0:00:00]} 52. g6 {[%emt 0:00:00]} Nd8 {[%emt 0:00:00]} 53. g7 {[%emt 0:00:00]} Kf7 {[%emt 0:00:00]} 54. Nh5 {[%emt 0:00:00]} Kg8 {[%emt 0:00:00]} 55. Ng5 {[%emt 0:00:00]} Bxd4+ {[%emt 0:00:00]} 56. Kxd4 {[%emt 0:00:00]} Nc6+ {[%emt 0:00:00]} 57. Kc5 {[%emt 0:00:00]} 1-0

[Event "FRA-ch Open A-D 2018"]
[Site "Nimes"]
[Date "2018.08.18"]
[Round "1"]
[White "Salah, Samir"]
[Black "Fossella, Manuel"]
[Result "1/2-1/2"]
[WhiteElo "1759"]
[BlackElo "1638"]
[Annotator "NA RC"]
[PlyCount "48"]
[EventDate "2018.08.18"]
[EventType "tourn"]
[EventCountry "FRA"]
[SourceTitle "playchess.com"]
[Source "ChessBase"]
[SourceQuality "1"]
[TimeControl "40/5400+30:1800+30"]

1. e4 {[%emt 0:00:00]} e5 {[%emt 0:00:05]} 2. Nf3 {[%emt 0:00:50]} Nc6 {[%emt 0:00:37]} 3. Bb5 {[%emt 0:01:25]} a6 {[%emt 0:02:08]} 4. Bxc6 {[%emt 0:02:02]} dxc6 {[%emt 0:00:15]} 5. O-O Bg4 6. h3 Bxf3 7. Qxf3 {[%emt 0:09:45]} Qf6 {[%emt 0:03:17]} 8. Qb3 {[%emt 0:02:04]} Rb8 {[%emt 0:01:28]} 9. d3 {[%emt 0:00:49]} Bc5 {[%emt 0:00:25]} 10. Be3 {[%emt 0:01:10]} Bxe3 {[%emt 0:07:26]} 11. fxe3 Qe7 12. Nd2 {[%emt 0:05:34]} Nf6 {[%emt 0:00:47]} 13. Qc3 {[%emt 0:01:32]} O-O {[%emt 0:00:40]} 14. Nc4 {[%emt 0:02:00]} Rfe8 {[%emt 0:03:18]} 15. Rf5 {[%emt 0:10:33]} Nd7 {[%emt 0:01:47]} 16. Raf1 {[%emt 0:01:55]} f6 {[%emt 0:00:26]} 17. Nd2 {[%emt 0:06:03]} Qc5 {[%emt 0:02:09]} 18. Qb3+ {[%emt 0:01:40]} Kh8 {[%emt 0:00:12]} 19. R5f3 {[%emt 0:08:07]} Qe7 {[%emt 0:04:41]} 20. R1f2 {[%emt 0:11:55]} Nc5 {[%emt 0:04:12]} 21. Qc3 {[%emt 0:04:40]} Na4 {[%emt 0:00:53]} 22. Qb3 {[%emt 0:00:25]} Nc5 {[%emt 0:00:58]} 23. Qc3 {[%emt 0:03:54]} Na4 {[%emt 0:00:37]} 24. Qb3 {[%emt 0:01:05]} g6 1/2-1/2

[Event "FRA-ch Open A-D 2018"]
[Site "Nimes"]
[Date "2018.08.18"]
[Round "1"]
[White "Cregut, Marian"]
[Black "Filipic, Pierre"]
[Result "1-0"]
[WhiteElo "1638"]
[BlackElo "1779"]
[Annotator "NA RC"]
[PlyCount "141"]
[EventDate "2018.08.18"]
[EventType "tourn"]
[EventCountry "FRA"]
[SourceTitle "playchess.com"]
[Source "ChessBase"]
[SourceQuality "1"]
[TimeControl "40/5400+30:1800+30"]

1. e4 {[%emt 0:00:00]} e5 {[%emt 0:00:00]} 2. Nf3 {[%emt 0:00:00]} Nc6 {[%emt 0:00:00]} 3. Bb5 {[%emt 0:00:04]} Nf6 {[%emt 0:01:59]} 4. d3 {[%emt 0:01:00]} d6 {[%emt 0:00:33]} 5. h3 {[%emt 0:02:48]} h6 {[%emt 0:00:21]} 6. c3 {[%emt 0:03:37]} Bd7 {[%emt 0:02:10]} 7. Ba4 {[%emt 0:03:20]} Be7 {[%emt 0:08:11]} 8. Nbd2 {[%emt 0:05:39]} a6 {[%emt 0:00:15]} 9. O-O {[%emt 0:13:21]} b5 {[%emt 0:02:35]} 10. Bb3 {[%emt 0:02:33]} Na5 {[%emt 0:01:34]} 11. Bc2 {[%emt 0:00:14]} c5 {[%emt 0:00:07]} 12. d4 {[%emt 0:09:13]} exd4 {[%emt 0:01:10]} 13. cxd4 {[%emt 0:02:12]} c4 {[%emt 0:00:30]} 14. e5 {[%emt 0:09:56]} dxe5 {[%emt 0:02:25]} 15. dxe5 {[%emt 0:01:25]} Nd5 {[%emt 0:00:57]} 16. Nxc4 {[%emt 0:11:30]} Nb4 {[%emt 0:17:22]} 17. Nd6+ {[%emt 0:02:00]} Kf8 {[%emt 0:00:02]} 18. Be4 {[%emt 0:02:34]} Bc6 {[%emt 0:03:00]} 19. Bf4 {[%emt 0:10:39]} Bxe4 {[%emt 0:04:28]} 20. Nxe4 {[%emt 0:00:14]} Nd3 {[%emt 0:00:26]} 21. Bc1 {[%emt 0:02:31]} Nc4 {[%emt 0:00:32]} 22. b3 {[%emt 0:03:51]} Ncxe5 {[%emt 0:00:29]} 23. Nxe5 {[%emt 0:02:01]} Nxe5 {[%emt 0:00:10]} 24. Be3 {[%emt 0:04:03]} f5 {[%emt 0:05:45]} 25. Nc3 {[%emt 0:00:39]} Qxd1 {[%emt 0:02:40]} 26. Rfxd1 {[%emt 0:00:26]} Rc8 {[%emt 0:02:44]} 27. Rac1 {[%emt 0:00:47]} Ba3 {[%emt 0:00:42]} 28. Rc2 {[%emt 0:00:33]} Kf7 {[%emt 0:05:41]} 29. Bd4 {[%emt 0:03:34]} Rhd8 {[%emt 0:00:49]} 30. Rcd2 {[%emt 0:00:36]} Nc6 {[%emt 0:05:47]} 31. Ne2 {[%emt 0:00:26]} Nxd4 {[%emt 0:04:38]} 32. Nxd4 {[%emt 0:00:01]} Rc1 {[%emt 0:02:01]} 33. Rxc1 {[%emt 0:00:56]} Bxc1 {[%emt 0:00:08]} 34. Rc2 {[%emt 0:00:24]} Bf4 {[%emt 0:00:44]} 35. g3 {[%emt 0:00:32]} Rxd4 {[%emt 0:00:36]} 36. gxf4 {[%emt 0:00:01]} Ke6 {[%emt 0:01:13]} 37. Kg2 {[%emt 0:00:59]} a5 {[%emt 0:02:29]} 38. Rc5 {[%emt 0:00:28]} Rd5 {[%emt 0:00:09]} 39. Rc6+ {[%emt 0:00:13]} Kf7 {[%emt 0:02:36]} 40. Ra6 {[%emt 0:00:23]} b4 {[%emt 0:00:09]} 41. Kf3 {[%emt 0:30:38]} g6 {[%emt 0:34:20]} 42. Ke3 {[%emt 0:00:31]} Kg7 {[%emt 0:01:43]} 43. Ke2 {[%emt 0:00:42]} g5 {[%emt 0:00:53]} 44. Ke3 {[%emt 0:00:32]} g4 {[%emt 0:00:20]} 45. hxg4 {[%emt 0:00:06]} fxg4 {[%emt 0:00:08]} 46. Ke4 {[%emt 0:00:16]} Rb5 {[%emt 0:00:21]} 47. f5 {[%emt 0:00:10]} h5 {[%emt 0:01:03]} 48. Kf4 {[%emt 0:00:06]} Rc5 {[%emt 0:01:06]} 49. Kg5 {[%emt 0:00:20]} Re5 {[%emt 0:00:38]} 50. Ra7+ {[%emt 0:01:31]} Kf8 {[%emt 0:01:33]} 51. Kf6 {[%emt 0:00:13]} Re8 {[%emt 0:00:07]} 52. Rxa5 {[%emt 0:00:15]} h4 {[%emt 0:00:22]} 53. Ra7 {[%emt 0:01:20]} h3 {[%emt 0:00:03]} 54. Rh7 {[%emt 0:00:19]} Kg8 {[%emt 0:00:04]} 55. Rh4 {[%emt 0:01:16]} Re4 {[%emt 0:00:45]} 56. Rh5 {[%emt 0:00:47]} Re2 {[%emt 0:01:09]} 57. Rg5+ {[%emt 0:00:11]} Kf8 {[%emt 0:00:10]} 58. Rxg4 {[%emt 0:00:24]} Rxf2 {[%emt 0:00:07]} 59. Rxb4 {[%emt 0:00:22]} Ke8 {[%emt 0:00:09]} 60. a4 {[%emt 0:00:34]} Rb2 {[%emt 0:00:22]} 61. Rb7 {[%emt 0:00:57]} h2 {[%emt 0:00:52]} 62. Rh7 {[%emt 0:00:06]} Rxb3 {[%emt 0:00:37]} 63. Rxh2 {[%emt 0:00:06]} Rb6+ {[%emt 0:00:05]} 64. Ke5 {[%emt 0:00:30]} Ra6 {[%emt 0:00:02]} 65. Ra2 {[%emt 0:00:01]} Ra5+ {[%emt 0:00:45]} 66. Kf6 {[%emt 0:00:22]} Ra6+ {[%emt 0:00:18]} 67. Kg7 {[%emt 0:00:10]} Ra7+ {[%emt 0:00:50]} 68. Kg6 {[%emt 0:00:20]} Ra6+ {[%emt 0:00:23]} 69. f6 {[%emt 0:00:02]} Kd7 {[%emt 0:00:13]} 70. Kg7 {[%emt 0:00:18]} Ke6 {[%emt 0:00:10]} 71. f7 {[%emt 0:00:31]} 1-0

[Event "FRA-ch Open A-D 2018"]
[Site "Nimes"]
[Date "2018.08.18"]
[Round "1"]
[White "Flouret, Jean-Frederie"]
[Black "Perrin, Yves"]
[Result "0-1"]
[WhiteElo "1630"]
[BlackElo "1755"]
[Annotator "NA RC"]
[PlyCount "68"]
[EventDate "2018.08.18"]
[EventType "tourn"]
[EventCountry "FRA"]
[SourceTitle "playchess.com"]
[Source "ChessBase"]
[SourceQuality "1"]
[TimeControl "40/5400+30:1800+30"]

1. e4 {[%emt 0:00:00]} e6 {[%emt 0:00:00]} 2. d4 {[%emt 0:00:25]} c5 {[%emt 0:00:54]} 3. Nf3 {[%emt 0:02:07]} Qb6 {[%emt 0:03:46]} 4. d5 {[%emt 0:06:02]} Nf6 {[%emt 0:03:25]} 5. dxe6 {[%emt 0:05:55]} dxe6 {[%emt 0:06:58]} 6. Nc3 {[%emt 0:08:14]} a6 {[%emt 0:10:13]} 7. Bc4 {[%emt 0:03:49]} Qb4 {[%emt 0:05:31]} 8. Qe2 {[%emt 0:07:08]} b5 {[%emt 0:06:16]} 9. Bb3 {[%emt 0:09:01]} c4 {[%emt 0:08:07]} 10. a3 {[%emt 0:00:30]} Qa5 {[%emt 0:00:53]} 11. Ba2 {[%emt 0:03:33]} Bb7 {[%emt 0:02:37]} 12. Bd2 {[%emt 0:01:44]} Qc7 {[%emt 0:04:56]} 13. O-O {[%emt 0:10:53]} Nbd7 {[%emt 0:03:17]} 14. Ng5 {[%emt 0:03:25]} h6 {[%emt 0:05:06]} 15. Nh3 {[%emt 0:00:28]} g5 {[%emt 0:01:49]} 16. f3 {[%emt 0:02:55]} Bd6 {[%emt 0:02:31]} 17. g3 {[%emt 0:03:44]} Rg8 {[%emt 0:03:51]} 18. Kh1 {[%emt 0:01:28]} Nh5 {[%emt 0:01:41]} 19. f4 {[%emt 0:03:20]} g4 {[%emt 0:03:46]} 20. Nf2 {[%emt 0:04:02]} Nhf6 {[%emt 0:00:49]} 21. Kg1 {[%emt 0:03:13]} Bc5 {[%emt 0:01:13]} 22. Be3 {[%emt 0:04:29]} h5 {[%emt 0:01:36]} 23. Rad1 {[%emt 0:02:00]} h4 {[%emt 0:01:28]} 24. f5 {[%emt 0:02:05]} hxg3 {[%emt 0:02:29]} 25. Nh1 {[%emt 0:03:16]} gxh2+ {[%emt 0:01:26]} 26. Kg2 {[%emt 0:00:21]} Nxe4 {[%emt 0:00:47]} 27. Nxe4 {[%emt 0:00:55]} Bxe4+ {[%emt 0:00:12]} 28. Kf2 {[%emt 0:00:19]} g3+ {[%emt 0:00:37]} 29. Ke1 {[%emt 0:00:36]} g2 {[%emt 0:00:48]} 30. fxe6 {[%emt 0:01:13]} fxe6 {[%emt 0:02:35]} 31. Qh5+ {[%emt 0:02:01]} Bg6 {[%emt 0:00:28]} 32. Qf3 {[%emt 0:01:23]} gxf1=Q+ 33. Qxf1 {[%emt 0:00:43]} Qe5 {[%emt 0:01:42]} 34. Qf4 {[%emt 0:01:11]} Qxe3+ {[%emt 0:00:30]} 0-1

[Event "FRA-ch Open A-D 2018"]
[Site "Nimes"]
[Date "2018.08.18"]
[Round "1"]
[White "Koch, Emilie"]
[Black "Leglise, Michel"]
[Result "1-0"]
[WhiteElo "1498"]
[BlackElo "1263"]
[Annotator "NA RC"]
[PlyCount "69"]
[EventDate "2018.08.18"]
[EventType "tourn"]
[EventCountry "FRA"]
[SourceTitle "playchess.com"]
[Source "ChessBase"]
[SourceQuality "1"]
[TimeControl "40/5400+30:1800+30"]

1. e4 {[%emt 0:00:00]} e5 {[%emt 0:00:00]} 2. Nf3 {[%emt 0:00:05]} Nc6 {[%emt 0:00:35]} 3. Bc4 {[%emt 0:00:24]} h6 {[%emt 0:01:11]} 4. d3 {[%emt 0:01:24]} d6 {[%emt 0:03:37]} 5. c3 {[%emt 0:04:22]} a6 {[%emt 0:01:35]} 6. a4 {[%emt 0:01:36]} Bd7 {[%emt 0:01:48]} 7. Be3 {[%emt 0:11:13]} Na5 {[%emt 0:00:53]} 8. Ba2 {[%emt 0:01:43]} b5 {[%emt 0:02:35]} 9. axb5 {[%emt 0:01:44]} Bxb5 {[%emt 0:00:38]} 10. Bxf7+ {[%emt 0:10:52]} Kxf7 {[%emt 0:00:45]} 11. Rxa5 {[%emt 0:00:40]} c6 {[%emt 0:01:36]} 12. Ra2 {[%emt 0:03:08]} c5 {[%emt 0:01:19]} 13. O-O {[%emt 0:12:28]} Nf6 {[%emt 0:00:54]} 14. Nh4 {[%emt 0:02:48]} g5 {[%emt 0:02:00]} 15. Nf5 {[%emt 0:01:51]} c4 {[%emt 0:02:08]} 16. d4 {[%emt 0:06:32]} Nxe4 {[%emt 0:00:29]} 17. Qh5+ {[%emt 0:01:28]} Ke6 {[%emt 0:01:36]} 18. Qg4 {[%emt 0:07:38]} Kd5 {[%emt 0:04:06]} 19. Qf3 {[%emt 0:02:36]} Qf6 {[%emt 0:02:56]} 20. Nd2 {[%emt 0:01:29]} Bd7 {[%emt 0:02:31]} 21. Qxe4+ {[%emt 0:01:01]} Ke6 {[%emt 0:00:39]} 22. Qxa8 {[%emt 0:03:20]} Qxf5 {[%emt 0:00:42]} 23. Rxa6 {[%emt 0:02:22]} Bg7 {[%emt 0:01:00]} 24. Qf3 {[%emt 0:04:08]} Qxf3 {[%emt 0:04:13]} 25. Nxf3 {[%emt 0:00:22]} Rb8 {[%emt 0:00:28]} 26. Rb1 {[%emt 0:07:12]} Kd5 27. dxe5 dxe5 {[%emt 0:03:52]} 28. Rd1+ {[%emt 0:02:05]} Ke4 {[%emt 0:00:35]} 29. Rxd7 {[%emt 0:01:14]} Rxb2 {[%emt 0:00:35]} 30. h3 {[%emt 0:00:38]} Bf8 {[%emt 0:00:31]} 31. Re6 {[%emt 0:00:42]} Kf5 {[%emt 0:01:59]} 32. Rxe5+ {[%emt 0:01:37]} Kg6 {[%emt 0:01:01]} 33. Re8 {[%emt 0:02:46]} Bg7 {[%emt 0:00:35]} 34. Ne5+ {[%emt 0:01:50]} Kf6 {[%emt 0:00:28]} 35. Rf7# 1-0

[Event "FRA-ch Open A-D 2018"]
[Site "Nimes"]
[Date "2018.08.18"]
[Round "1"]
[White "Candela, Leo Thierry"]
[Black "Petit, Michel"]
[Result "1-0"]
[WhiteElo "1496"]
[BlackElo "1258"]
[Annotator "NA RC"]
[PlyCount "67"]
[EventDate "2018.08.18"]
[EventType "tourn"]
[EventCountry "FRA"]
[SourceTitle "playchess.com"]
[Source "ChessBase"]
[SourceQuality "1"]
[TimeControl "40/5400+30:1800+30"]

1. f4 {[%emt 0:00:00]} Nc6 {[%emt 0:00:24]} 2. e3 {[%emt 0:01:38]} d5 {[%emt 0:00:51]} 3. Nf3 {[%emt 0:00:56]} Bg4 {[%emt 0:00:31]} 4. Be2 {[%emt 0:00:29]} Nf6 {[%emt 0:02:31]} 5. O-O {[%emt 0:00:24]} Qd7 {[%emt 0:01:22]} 6. d4 {[%emt 0:02:34]} a6 {[%emt 0:03:11]} 7. c3 {[%emt 0:01:04]} b5 {[%emt 0:03:51]} 8. a3 {[%emt 0:05:50]} h6 {[%emt 0:05:04]} 9. Nbd2 {[%emt 0:01:35]} Qe6 {[%emt 0:02:17]} 10. Ne5 {[%emt 0:02:00]} Bxe2 {[%emt 0:01:02]} 11. Qxe2 {[%emt 0:00:13]} Nxe5 {[%emt 0:02:28]} 12. fxe5 {[%emt 0:00:09]} Nd7 {[%emt 0:02:10]} 13. Qf3 {[%emt 0:04:41]} c6 {[%emt 0:02:30]} 14. Qg3 {[%emt 0:04:37]} O-O-O {[%emt 0:01:18]} 15. a4 {[%emt 0:01:20]} Nb8 {[%emt 0:02:40]} 16. Nb3 {[%emt 0:01:40]} Qg6 {[%emt 0:02:15]} 17. Qf4 {[%emt 0:01:22]} f6 {[%emt 0:04:14]} 18. e6 {[%emt 0:00:58]} Rd6 {[%emt 0:01:08]} 19. Nc5 {[%emt 0:00:24]} Qe8 {[%emt 0:01:28]} 20. axb5 {[%emt 0:02:45]} cxb5 {[%emt 0:00:48]} 21. b3 {[%emt 0:01:05]} Qc6 {[%emt 0:01:52]} 22. Ba3 {[%emt 0:00:31]} Rxe6 {[%emt 0:03:50]} 23. Qf5 {[%emt 0:01:23]} Nd7 {[%emt 0:07:57]} 24. Nxe6 {[%emt 0:01:03]} g6 {[%emt 0:01:06]} 25. Qh3 {[%emt 0:01:35]} f5 {[%emt 0:00:35]} 26. Nxf8 {[%emt 0:00:32]} Nxf8 {[%emt 0:00:39]} 27. Bxe7 {[%emt 0:00:19]} Ne6 {[%emt 0:01:02]} 28. Bf6 {[%emt 0:00:34]} Rh7 {[%emt 0:01:05]} 29. Qg3 {[%emt 0:00:34]} Qe8 {[%emt 0:02:44]} 30. Rxa6 {[%emt 0:00:24]} Qf7 {[%emt 0:01:17]} 31. Ra8+ {[%emt 0:00:48]} Kd7 {[%emt 0:00:57]} 32. Ra7+ {[%emt 0:00:13]} Ke8 {[%emt 0:01:48]} 33. Qb8+ {[%emt 0:00:22]} Nd8 {[%emt 0:00:32]} 34. Qxd8# 1-0

[Event "FRA-ch Open A-D 2018"]
[Site "Nimes"]
[Date "2018.08.18"]
[Round "1"]
[White "Navarro, Vincent"]
[Black "Pujals, Ines"]
[Result "1-0"]
[WhiteElo "1262"]
[BlackElo "1498"]
[Annotator "NA RC"]
[PlyCount "109"]
[EventDate "2018.08.18"]
[EventType "tourn"]
[EventCountry "FRA"]
[SourceTitle "playchess.com"]
[Source "ChessBase"]
[SourceQuality "1"]
[TimeControl "40/5400+30:1800+30"]

1. e4 {[%emt 0:00:00]} c5 {[%emt 0:00:00]} 2. Nf3 {[%emt 0:00:00]} d6 {[%emt 0:00:00]} 3. d4 {[%emt 0:00:31]} cxd4 {[%emt 0:00:00]} 4. Nxd4 {[%emt 0:01:42]} g6 {[%emt 0:00:02]} 5. c4 {[%emt 0:04:07]} Bg7 {[%emt 0:00:13]} 6. Be3 {[%emt 0:00:58]} Nc6 {[%emt 0:00:57]} 7. Nc3 {[%emt 0:01:53]} Nf6 {[%emt 0:00:19]} 8. a3 {[%emt 0:03:44]} a5 {[%emt 0:03:46]} 9. Be2 {[%emt 0:02:03]} Bd7 {[%emt 0:00:51]} 10. O-O {[%emt 0:06:43]} O-O {[%emt 0:01:20]} 11. Rc1 {[%emt 0:02:30]} Nxd4 {[%emt 0:06:40]} 12. Bxd4 {[%emt 0:02:24]} Bc6 {[%emt 0:02:20]} 13. Qc2 {[%emt 0:05:16]} Rc8 {[%emt 0:07:24]} 14. Rfd1 {[%emt 0:03:23]} Nd7 {[%emt 0:02:41]} 15. Be3 {[%emt 0:06:06]} Qc7 {[%emt 0:07:03]} 16. Nd5 {[%emt 0:05:12]} Bxd5 {[%emt 0:06:26]} 17. exd5 {[%emt 0:03:48]} Ne5 {[%emt 0:05:19]} 18. b3 {[%emt 0:03:18]} b5 {[%emt 0:05:54]} 19. f4 {[%emt 0:02:57]} Nd7 {[%emt 0:01:32]} 20. Bf2 {[%emt 0:13:23]} Nb6 {[%emt 0:02:02]} 21. Rd2 {[%emt 0:06:02]} Qb7 {[%emt 0:09:48]} 22. Qe4 {[%emt 0:01:28]} Rc7 {[%emt 0:05:52]} 23. Rdc2 {[%emt 0:01:41]} Rfc8 {[%emt 0:01:11]} 24. Bf3 {[%emt 0:05:47]} bxc4 {[%emt 0:05:52]} 25. bxc4 {[%emt 0:01:58]} Bh6 {[%emt 0:01:14]} 26. Rb1 {[%emt 0:04:16]} Rxc4 {[%emt 0:05:18]} 27. Rxc4 {[%emt 0:01:55]} Rxc4 {[%emt 0:00:05]} 28. Qxc4 {[%emt 0:00:58]} Nxc4 {[%emt 0:01:41]} 29. Rxb7 {[%emt 0:00:07]} Bxf4 {[%emt 0:00:20]} 30. Rb8+ {[%emt 0:02:12]} Kg7 {[%emt 0:00:09]} 31. Bd4+ {[%emt 0:00:21]} f6 {[%emt 0:01:31]} 32. g4 {[%emt 0:01:20]} Nxa3 {[%emt 0:01:12]} 33. h4 {[%emt 0:01:04]} h6 {[%emt 0:00:04]} 34. Be4 {[%emt 0:01:39]} Nc4 {[%emt 0:00:40]} 35. h5 {[%emt 0:01:15]} g5 {[%emt 0:01:24]} 36. Bg6 {[%emt 0:01:39]} a4 {[%emt 0:00:05]} 37. Re8 {[%emt 0:00:33]} Ne5 {[%emt 0:04:02]} 38. Rxe7+ {[%emt 0:00:44]} Kf8 {[%emt 0:00:07]} 39. Re8+ {[%emt 0:00:54]} Kg7 {[%emt 0:00:10]} 40. Bxe5 {[%emt 0:01:26]} fxe5 {[%emt 0:01:17]} 41. Kf2 {[%emt 0:31:39]} a3 {[%emt 0:30:43]} 42. Bb1 {[%emt 0:00:50]} Bc1 {[%emt 0:02:43]} 43. Ba2 {[%emt 0:00:24]} Kf6 {[%emt 0:00:25]} 44. Kf3 {[%emt 0:00:38]} Bd2 {[%emt 0:01:36]} 45. Ke4 {[%emt 0:00:26]} Bb4 {[%emt 0:00:23]} 46. Kd3 {[%emt 0:01:10]} Kf7 {[%emt 0:00:37]} 47. Re6 {[%emt 0:00:00]} Kg7 {[%emt 0:00:00]} 48. Ke4 {[%emt 0:00:00]} Bc5 {[%emt 0:00:00]} 49. Kf5 {[%emt 0:00:00]} Bb4 {[%emt 0:00:00]} 50. Re7+ {[%emt 0:00:00]} Kg8 {[%emt 0:00:00]} 51. Kg6 {[%emt 0:00:00]} Kf8 {[%emt 0:00:00]} 52. Re6 {[%emt 0:00:00]} Bc5 {[%emt 0:00:00]} 53. Kxh6 {[%emt 0:00:00]} Kf7 {[%emt 0:00:00]} 54. Kxg5 {[%emt 0:00:00]} Be3+ {[%emt 0:00:00]} 55. Kf5 {[%emt 0:00:00]} 1-0

[Event "FRA-ch Open A-D 2018"]
[Site "Nimes"]
[Date "2018.08.18"]
[Round "1"]
[White "Wolfangel, Jocelyne"]
[Black "Brun, Michel"]
[Result "0-1"]
[WhiteElo "1256"]
[BlackElo "1491"]
[Annotator "NA RC"]
[PlyCount "92"]
[EventDate "2018.08.18"]
[EventType "tourn"]
[EventCountry "FRA"]
[SourceTitle "playchess.com"]
[Source "ChessBase"]
[SourceQuality "1"]
[TimeControl "40/5400+30:1800+30"]

1. c4 Nf6 {[%emt 0:00:00]} 2. Nc3 e6 3. g3 {[%emt 0:01:23]} d5 {[%emt 0:00:52]} 4. cxd5 {[%emt 0:00:50]} Nxd5 {[%emt 0:00:29]} 5. Bg2 {[%emt 0:00:46]} Nxc3 {[%emt 0:01:09]} 6. bxc3 {[%emt 0:00:13]} c6 {[%emt 0:02:32]} 7. Nf3 {[%emt 0:02:43]} Bd6 {[%emt 0:02:14]} 8. O-O {[%emt 0:01:28]} O-O {[%emt 0:01:51]} 9. d3 {[%emt 0:07:52]} h6 {[%emt 0:03:06]} 10. Rb1 {[%emt 0:13:03]} Nd7 {[%emt 0:04:04]} 11. d4 {[%emt 0:04:01]} Rb8 {[%emt 0:06:17]} 12. e4 {[%emt 0:01:09]} b5 {[%emt 0:14:41]} 13. e5 {[%emt 0:01:55]} Be7 {[%emt 0:01:38]} 14. Be3 {[%emt 0:12:03]} c5 {[%emt 0:07:18]} 15. Re1 {[%emt 0:14:16]} cxd4 {[%emt 0:16:16]} 16. Nxd4 {[%emt 0:04:02]} Nxe5 {[%emt 0:21:32]} 17. Rxb5 {[%emt 0:13:21]} Rxb5 {[%emt 0:01:51]} 18. Nxb5 {[%emt 0:00:12]} Qxd1 {[%emt 0:00:51]} 19. Rxd1 {[%emt 0:00:13]} a6 {[%emt 0:03:01]} 20. Nd4 {[%emt 0:06:16]} Rd8 {[%emt 0:02:15]} 21. Re1 {[%emt 0:05:03]} Bf6 {[%emt 0:03:41]} 22. Rc1 {[%emt 0:04:56]} Nc4 {[%emt 0:01:16]} 23. Bf1 {[%emt 0:03:25]} Nxe3 {[%emt 0:00:09]} 24. fxe3 {[%emt 0:00:09]} e5 {[%emt 0:01:17]} 25. Nc6 {[%emt 0:00:43]} Rd6 {[%emt 0:00:38]} 26. Nb4 {[%emt 0:00:32]} a5 {[%emt 0:00:25]} 27. Nc2 {[%emt 0:00:48]} Rd2 {[%emt 0:02:32]} 28. a3 {[%emt 0:00:55]} Bf5 {[%emt 0:00:30]} 29. Ne1 {[%emt 0:00:49]} Ra2 {[%emt 0:00:44]} 30. c4 {[%emt 0:00:35]} Rxa3 {[%emt 0:00:25]} 31. Bg2 {[%emt 0:00:37]} Rxe3 {[%emt 0:00:31]} 32. Nf3 {[%emt 0:00:48]} e4 {[%emt 0:00:33]} 33. Nh4 {[%emt 0:00:27]} Bxh4 {[%emt 0:00:30]} 34. gxh4 {[%emt 0:00:04]} Bd7 {[%emt 0:01:07]} 35. c5 {[%emt 0:00:43]} Bc6 {[%emt 0:00:26]} 36. Kf2 {[%emt 0:00:22]} Rd3 {[%emt 0:00:29]} 37. Ke2 {[%emt 0:00:57]} f5 {[%emt 0:00:11]} 38. Rb1 {[%emt 0:00:34]} Rc3 {[%emt 0:00:40]} 39. Rb8+ {[%emt 0:00:11]} Kf7 {[%emt 0:00:36]} 40. Rb2 {[%emt 0:01:00]} Rxc5 {[%emt 0:00:15]} 41. Ke3 {[%emt 0:30:30]} a4 {[%emt 0:30:45]} 42. Kd4 {[%emt 0:00:29]} a3 {[%emt 0:00:52]} 43. Ra2 {[%emt 0:00:26]} Ra5 {[%emt 0:00:00]} 44. Bf1 {[%emt 0:00:00]} Bd5 {[%emt 0:00:00]} 45. Rf2 {[%emt 0:00:00]} a2 {[%emt 0:00:00]} 46. Rxf5+ {[%emt 0:00:00]} Kg6 {[%emt 0:00:00]} 0-1